| 000 | 00850cam a22002897a 4500 | ||
|---|---|---|---|
| 003 | CHAP | ||
| 005 | 20220329133235.0 | ||
| 008 | 971013s1987 r 00010 d | ||
| 010 | _a3810 | ||
| 011 | _a4782 | ||
| 035 | _a3986 | ||
| 040 | _cCHAP | ||
| 090 | _aFolleto 13080 | ||
| 100 | 0 | 0 |
_aYing, Zhang. _9123110 |
| 245 | 1 | 3 |
_aLa agricultura en China _b: actualidades y perspectivas |
| 260 |
_aChapingo, Méx. : _bUACH. Departamento de Sociología Rural, _c1987 |
||
| 300 | _a36 p | ||
| 500 | _aD51-137 | ||
| 590 |
_aBATCH-UPD _b10 _c20130110 _lUCH01 _h0205 |
||
| 590 |
_aBATCH-UPD _b10 _c20130110 _lUCH01 _h2207 |
||
| 590 |
_aCONVERSION _b10 _c20130109 _lUCH01 _h1303 |
||
| 650 | 1 | 4 |
_aAgricultura _xChina. _91360 |
| 650 | 1 | 4 |
_aAgricultura _xChina. _91360 |
| 901 | _aBK | ||
| 942 | _cFOLL | ||
| 949 |
_aFolleto 13080 _bBC _cFOLL _d-13517 _eTS1 _i3986 _mD _si |
||
| 999 |
_c3810 _d3810 |
||